[Event "Stockholm Chess Challenge 2018"]
[Site "Stockholm"]
[Date "2018.05.05"]
[Round "9"]
[White "Firat, Burak"]
[Black "Reshef, Omer"]
[Result "1/2-1/2"]
[WhiteElo "2446"]
[BlackElo "2482"]
[Annotator "TA"]
[PlyCount "112"]
[EventDate "2018.??.??"]
[EventCountry "SWE"]
[SourceTitle "playchess.com"]
[Source "ChessBase"]
[SourceQuality "1"]

{[%evp 29,112,25,37,0,0,-17,-33,-45,-56,-49,-41,-233,-105,-79,-6,-10,40,62,79,79,106,113,102,100,135,61,91,75,75,82,96,81,72,66,102,75,130,132,130,100,278,254,235,202,268,281,391,318,278,165,191,22,29,-410,-409,-391,0,0,0,0,0,0,0,0,0,0,0,0,0,0,0,0,0,0,0,0,0,0,0,0,0,0,0,0,0]} 1. d4 d5 2. Nf3 Nf6 3. c4 c6 4. Nc3 dxc4 5. a4 Bf5 6. Ne5 Nbd7 7. Nxc4 Qc7 8. g3 e5 9. dxe5 Nxe5 10. Bf4 Nfd7 11. Bg2 g5 {D17: Slav Defence: 5 a4 Bf5: Lines with 6 Nh4 and 6 Ne5} 12. Ne3 (12. Nxe5 gxf4 13. Nxd7 O-O-O 14. Qd4 Qxd7 15. Qxf4 Bd6 16. Qc1 Be5 17. O-O Qd2 18. Rd1 Qxc1 19. Raxc1 Rxd1+ 20. Nxd1 {1-0 (48) Yu,Y (2751)-Mamedov,R (2709) Huaian 2017}) 12... gxf4 13. Nxf5 O-O-O 14. Qc2 Nc5 15. O-O Ne6 {LiveBook: 55 Games} 16. a5 a6 17. Rfc1 {[%cal Bf1c1,Bc1d1,Bd1d6][%mdl 32]} Kb8 $146 ({Predecessor:} 17... Ng4 18. Ra4 h5 19. b4 {½-½ (51) Lieder,K (2087)-Behm,S (2071) Willingen 2004}) 18. Ne4 h5 19. Qc3 h4 {White must now prevent ...hxg3.} 20. g4 $2 (20. Nxh4 Nd4 $17) (20. gxh4 Rh5 $17) (20. Rd1 $1 $15 Rxd1+ 21. Rxd1) 20... h3 (20... f3 $1 $19 {[%cal Rf3g2] and Black stays clearly on top.} 21. Bxf3 (21. exf3 $2 Rd3 $17) 21... Rg8) 21. Bf1 $17 ({But not} 21. Bxh3 $2 f3 $1 $19 {[%mdl 512]}) 21... Bg7 (21... f3 $17 22. exf3 Bh6) 22. Rd1 Rdg8 23. Nxg7 (23. Bxh3 $2 f3 $1 $19 {[%mdl 512]}) 23... Rxg7 24. f3 $1 Rgg8 25. Rd6 Ng6 26. Rad1 $1 Rd8 27. b4 (27. Rxd8+ $1 $16 Rxd8 28. Rxd8+ Qxd8 29. Bxh3) 27... Ne7 28. Rxd8+ $1 Rxd8 29. Rxd8+ Qxd8 30. Qe5+ Ka7 31. Qd6 $1 Qxd6 32. Nxd6 $14 {[%mdl 4096] Endgame KBN-KNN} Ng5 ({Black should try} 32... b6) 33. Ne4 $1 $16 {[%cal Re4g5]} Nxe4 34. fxe4 {KB-KN} b5 $2 (34... Ng6 $16) 35. Kf2 c5 36. bxc5 b4 37. e3 f3 38. Kxf3 Nc6 {And now ...b3 would win.} 39. Kf4 ({Wrong is} 39. Bxh3 $2 b3 $19) (39. Ke2 $142 $1) 39... Nxa5 {[#] With the idea ...b3.} 40. Ke5 $2 ({Not} 40. Bxh3 b3 $11) (40. e5 $1 $18) 40... b3 $11 {[%cal Bb4b3,Bb3b2][%mdl 32]} 41. Kd4 $2 {[%mdl 8192]} (41. Kd5 $11) 41... b2 $19 42. Bd3 {[#]} Nb3+ $2 (42... Nc6+ $1 $19 43. Kc3 Ne5) 43. Kc3 $11 {The position is equal.} Nxc5 44. Bc2 Kb6 45. Kxb2 Kc6 46. Kc3 Kd6 47. Kb4 Ne6 48. Bd3 Ke5 49. Bxa6 Kxe4 50. Bf1 Ng5 51. Kc5 Kxe3 52. Kd6 Kf4 53. Bxh3 Nxh3 54. Ke7 Ng5 55. h4 Kxg4 56. hxg5 Kxg5 {Precision: White = 50%, Black = 50%.} 1/2-1/2

[Event "Stockholm Chess Challenge 2018"]
[Site "Stockholm"]
[Date "2018.05.05"]
[Round "9"]
[White "Haria, Ravi"]
[Black "Kobo, Ori"]
[Result "1/2-1/2"]
[WhiteElo "2441"]
[BlackElo "2484"]
[Annotator "TA"]
[PlyCount "60"]
[EventDate "2018.??.??"]
[EventCountry "SWE"]
[SourceTitle "playchess.com"]
[Source "ChessBase"]
[SourceQuality "1"]

{[%evp 15,60,13,17,0,0,0,0,-9,-16,-13,-4,-13,-11,-28,-20,-37,-34,-31,-8,-9,-10,-11,3,0,0,0,0,0,0,-18,7,-28,-10,-41,0,-40,29,22,15,16,13,0,0,0,9,0,25]} 1. Nf3 d5 2. g3 g6 3. Bg2 Bg7 4. d4 c6 5. O-O Nf6 6. Nbd2 O-O 7. c4 a5 8. b3 a4 {LiveBook: 51 Games. D78: Fianchetto Grünfeld: 6 0-0 c6} 9. bxa4 (9. Ba3 Re8 10. e3 Bf5 11. Qe2 e6 12. h3 Ne4 13. Rfc1 h5 14. Ne5 Nxd2 15. Qxd2 Nd7 16. Nd3 {½-½ (49) Caruana,F (2799)-Grischuk,A (2782) Saint Louis 2017}) 9... Qa5 10. Qb3 Qxa4 11. Bb2 dxc4 12. Nxc4 $146 ({Predecessor:} 12. Qxc4 Be6 13. Qxa4 Rxa4 14. a3 Bd5 15. Rac1 Ne4 16. Nb1 {0-1 (52) Haegeman,J (2310)-Delfs,G (2370) ICCF email 1998}) 12... Be6 13. Nfd2 Nbd7 14. Rfc1 Nd5 15. Qxa4 Rxa4 16. a3 Rfa8 17. Rab1 f5 18. e3 R4a7 19. Ne5 N7b6 20. Nd3 Na4 21. Ba1 Nc7 22. Rb4 Bd5 23. Bf1 Bf7 24. Ne5 Nd5 (24... Bxe5 $5 25. dxe5 c5 $11) 25. Rb3 Nab6 (25... Bxe5 $15 26. dxe5 Nc7) 26. Nxf7 $11 Kxf7 {The position is equal.} 27. Bb2 Na4 28. Ba1 Nab6 29. Bb2 Na4 30. Ba1 Nab6 {Precision: White = 53%, Black = 53%.} 1/2-1/2

[Event "Stockholm Chess Challenge 2018"]
[Site "Stockholm"]
[Date "2018.05.05"]
[Round "9"]
[White "Kaasen, Tor Fredrik"]
[Black "Storme, Isak"]
[Result "1/2-1/2"]
[WhiteElo "2369"]
[BlackElo "2323"]
[Annotator "NA"]
[PlyCount "81"]
[EventDate "2018.??.??"]
[EventCountry "SWE"]
[SourceTitle "playchess.com"]
[Source "ChessBase"]
[SourceQuality "1"]

1. d4 Nf6 2. c4 e6 3. Nf3 d5 4. g3 Bb4+ 5. Nbd2 dxc4 6. a3 Bxd2+ 7. Bxd2 b6 8. Qa4+ Nbd7 9. Ne5 Bb7 10. Nc6 Bxc6 11. Qxc6 O-O 12. Bg2 Rc8 13. O-O Nb8 14. Qxc4 c5 15. Bf4 cxd4 16. Qb3 Nd5 17. Bxb8 Rxb8 18. Rfd1 Nf6 19. Qa4 Qe7 20. Rxd4 h6 21. Rad1 Rbc8 22. e3 Kh7 23. b4 Rfd8 24. Rxd8 Rxd8 25. Rxd8 Qxd8 26. Qxa7 Qd1+ 27. Bf1 Ne4 28. Kg2 Qd5 29. Be2 Qd2 30. Qa6 Qe1 31. f3 Qf2+ 32. Kh1 Qe1+ 33. Bf1 Nd2 34. Kg2 Nxf1 35. Qxf1 Qxe3 36. Qf2 Qxa3 37. Qxb6 Qb2+ 38. Kg1 Qc1+ 39. Kg2 Qb2+ 40. Kg1 Qc1+ 41. Kg2 1/2-1/2

[Event "Stockholm Chess Challenge 2018"]
[Site "Stockholm"]
[Date "2018.05.05"]
[Round "9"]
[White "Srinath, Rao S.V"]
[Black "Kantans, Toms"]
[Result "1-0"]
[WhiteElo "2363"]
[BlackElo "2510"]
[Annotator "TA"]
[PlyCount "63"]
[EventDate "2018.??.??"]
[EventCountry "SWE"]
[SourceTitle "playchess.com"]
[Source "ChessBase"]
[SourceQuality "1"]

{[%evp 17,62,-19,-14,-11,-22,-20,-26,-64,-78,-105,-124,-110,-112,-108,-34,-61,-12,-33,-20,0,11,7,14,23,98,91,230,204,262,246,289,302,476,364,379,287,276,0,382,173,2876,2883,29995,29996,29998,29999,29999]} 1. e4 e5 2. Nf3 Nc6 3. Bc4 Nf6 4. d3 Bc5 5. c3 d6 6. Bb3 a6 7. O-O Ba7 8. h3 {C54: Giuoco Piano: 4 c3 Nf6, main lines with 5 d4 and 5 d3} (8. Re1 h6 9. Nbd2 Nh5 10. Nf1 Qf6 11. Ne3 Nf4 12. Nd5 Nxd5 13. exd5 Ne7 14. d4 exd4 15. Nxd4 O-O 16. Be3 {½-½ (101) Amin,B (2689)-Bu,X (2730) Riadh 2017}) 8... h6 9. Re1 g5 {LiveBook: 21 Games} 10. d4 {The position is equal.} g4 11. hxg4 Nxg4 12. Na3 $146 ({Predecessor:} 12. Be3 Rg8 13. Nbd2 Qf6 14. dxe5 Qg7 15. Nh4 Nxe3 16. fxe3 Nxe5 {0-1 (31) Liedbeck,P (1858)-Rydstrom,T (2234) Helsingor 2014}) 12... Qf6 {[%cal Re5d4]} 13. Nc2 Rg8 14. Bd5 Bd7 15. Bxc6 bxc6 ({Better is} 15... Bxc6 $17 16. Qe2 Bb5) 16. Qd3 Ke7 17. Be3 Qg6 {Strongly threatening ...exd4.} 18. g3 Qh5 (18... f5 $5 19. Nh4 $8 Qh5 20. exf5 Nxe3 21. f6+ Kxf6 22. Nxe3 (22. Rxe3 Kg7 $11) 22... Qxh4 23. dxe5+ dxe5 24. Qxd7 Rxg3+ 25. fxg3 Qxg3+ 26. Kh1 Qh4+ 27. Kg2 Rg8+ 28. Kf1 Qf4+ 29. Ke2 Qxe3+ 30. Kd1 Rg1 31. Qd8+ Kf7 32. Rxg1 Qxg1+ 33. Kc2 Qxa1 34. Qxc7+ Ke6 35. Qxc6+ Kf5 36. Qf3+ Kg5 37. Qg3+ Kf6 38. Qf3+ Ke6 39. Qc6+ Kf5 40. Qf3+ Kg5 41. Qg3+ Kf5 42. Qf3+ $11) 19. dxe5 Nxe3 20. exd6+ cxd6 (20... Kf8 $11 21. Rxe3 Bxe3 22. Qxe3 cxd6) 21. Rxe3 $16 Qb5 (21... Bxe3 $16 22. Nxe3 Rab8) 22. c4 $1 $18 {[%cal Rc4b5]} Qxb2 23. Rd1 Bc5 {[#]} 24. e5 $1 Kf8 (24... d5 $142 25. cxd5 cxd5) 25. Ncd4 Rg6 26. Rd2 Qc1+ 27. Rd1 Qb2 28. Nh4 (28. Rb1 $142 Qxa2 29. exd6) 28... Rg4 $2 {[#]} (28... Rg7) 29. Qh7 $1 {[%cal Rh7h8] Threatening mate with Qh8+.} Bxd4 30. Qh8+ {White mates.} Ke7 31. exd6+ Kxd6 32. Qe5# {Precision: White = 52%, Black = 46%.} 1-0

[Event "Stockholm Chess Challenge 2018"]
[Site "Stockholm"]
[Date "2018.05.05"]
[Round "9"]
[White "Seo, Jung Min"]
[Black "Thorn, Eric"]
[Result "1/2-1/2"]
[WhiteElo "2349"]
[BlackElo "2312"]
[Annotator "NA"]
[PlyCount "82"]
[EventDate "2018.??.??"]
[EventCountry "SWE"]
[SourceTitle "playchess.com"]
[Source "ChessBase"]
[SourceQuality "1"]

1. Nf3 Nf6 2. c4 e6 3. g3 d5 4. d4 Be7 5. Bg2 O-O 6. O-O dxc4 7. Qc2 a6 8. a4 Bd7 9. Qxc4 Bc6 10. Bg5 Bd5 11. Qc2 Be4 12. Qd1 c5 13. dxc5 Bxc5 14. Nc3 Bc6 15. Ne5 Bxg2 16. Kxg2 Bd4 17. Bxf6 gxf6 18. Nd3 f5 19. Rc1 Nc6 20. Qd2 Qe7 21. Rfd1 Rfd8 22. e3 Bg7 23. Qe2 Rd7 24. Nf4 Rad8 25. Nh5 Ne5 26. Nxg7 Kxg7 27. Rxd7 Qxd7 28. e4 f4 29. gxf4 Nd3 30. Rg1 Nxf4+ 31. Kh1+ Ng6 32. f4 f5 33. Rd1 Qc7 34. Rxd8 Qxd8 35. exf5 exf5 36. Qf3 Qe7 37. Ne2 Qb4 38. b3 Qe1+ 39. Ng1 Qb4 40. Ne2 Qe1+ 41. Ng1 Qb4 1/2-1/2

[Event "Stockholm Chess Challenge 2018"]
[Site "Stockholm"]
[Date "2018.05.05"]
[Round "9"]
[White "Kucuksari, Kaan"]
[Black "Kantane, Anna"]
[Result "1-0"]
[WhiteElo "2251"]
[BlackElo "2266"]
[Annotator "NA"]
[PlyCount "65"]
[EventDate "2018.??.??"]
[EventCountry "SWE"]
[SourceTitle "playchess.com"]
[Source "ChessBase"]
[SourceQuality "1"]

1. d4 Nf6 2. Nf3 g6 3. c4 Bg7 4. Nc3 d5 5. cxd5 Nxd5 6. g3 Nxc3 7. bxc3 c5 8. Bg2 cxd4 9. Nxd4 O-O 10. O-O Qc7 11. Be3 Nd7 12. Qb3 a6 13. Qa3 Ne5 14. Bf4 Rb8 15. Rab1 Bf6 16. Rfd1 g5 17. Bxe5 Bxe5 18. Nf3 Bf5 19. Nxe5 Bxb1 20. Nd7 Bg6 21. Qxe7 Qxc3 22. Nxf8 Rxf8 23. Qxg5 Re8 24. h4 Qc2 25. Rd2 Qb1+ 26. Kh2 b5 27. h5 Qf5 28. Rd5 Qxf2 29. hxg6 hxg6 30. Re5 Rc8 31. Qf4 Qa7 32. Qf6 Rf8 33. Re4 1-0

[Event "Stockholm Chess Challenge 2018"]
[Site "Stockholm"]
[Date "2018.05.05"]
[Round "9"]
[White "Sorensen, Hampus"]
[Black "Crevatin, Leo"]
[Result "1/2-1/2"]
[WhiteElo "2243"]
[BlackElo "2157"]
[Annotator "NA"]
[PlyCount "70"]
[EventDate "2018.??.??"]
[EventCountry "SWE"]
[SourceTitle "playchess.com"]
[Source "ChessBase"]
[SourceQuality "1"]

1. d4 d5 2. c4 c6 3. Nf3 e6 4. e3 Nf6 5. Nc3 Nbd7 6. Bd3 dxc4 7. Bxc4 b5 8. Bd3 Bd6 9. O-O O-O 10. h3 h6 11. e4 e5 12. Be3 Bb7 13. dxe5 Nxe5 14. Nxe5 Bxe5 15. Qc2 Nd7 16. f4 Bc7 17. Rae1 f6 18. Qb3+ Kh8 19. Bb1 Qe7 20. Ne2 a6 21. Ng3 g6 22. Qc2 c5 23. e5 fxe5 24. Qxg6 Rf6 25. Qh5 Qg7 26. Be4 Qxg3 27. Bxb7 Raf8 28. Bf2 Qg7 29. fxe5 Rf5 30. Qg4 Bxe5 31. Qxg7+ Kxg7 32. Be3 Rxf1+ 33. Rxf1 Bh2+ 34. Kxh2 Rxf1 35. Bxa6 Rb1 1/2-1/2

[Event "Stockholm Chess Challenge 2018"]
[Site "Stockholm"]
[Date "2018.05.05"]
[Round "9"]
[White "Pranav Anand"]
[Black "Jeferli, MohammedAli"]
[Result "1-0"]
[WhiteElo "2158"]
[BlackElo "1934"]
[Annotator "NA"]
[PlyCount "85"]
[EventDate "2018.??.??"]
[EventCountry "SWE"]
[SourceTitle "playchess.com"]
[Source "ChessBase"]
[SourceQuality "1"]

1. d4 e6 2. c4 Nf6 3. Nf3 Bb4+ 4. Bd2 Qe7 5. g3 b6 6. Bg2 Bb7 7. O-O Bxd2 8. Qxd2 d6 9. Nc3 Ne4 10. Qc2 Nxc3 11. Qxc3 O-O 12. Rad1 Nd7 13. Qc2 Rab8 14. d5 e5 15. e4 c6 16. dxc6 Bxc6 17. Nh4 g6 18. Qd2 Nc5 19. Rfe1 Rbd8 20. Qh6 Qb7 21. b4 Ne6 22. b5 Be8 23. Nf5 Qc7 24. Bh3 f6 25. Ne3 Ng5 26. Bg2 Qg7 27. Qh4 Ne6 28. f4 Nd4 29. Rf1 Bd7 30. f5 g5 31. Qg4 Be8 32. Ra1 Rc8 33. Rf2 Bf7 34. Bf1 Rc5 35. Qd1 Kh8 36. Rd2 Rfc8 37. Rxd4 exd4 38. Qxd4 Rd8 39. a4 Bg8 40. a5 Qe7 41. Ng4 Kg7 42. axb6 axb6 43. Ra7 1-0